| 000 | 00648nam a2200217Ii 4500 | ||
|---|---|---|---|
| 003 | JO-AjNU | ||
| 008 | 230606s9999||||xx |||||||||||||| ||und|| | ||
| 020 | _a978-0-13-815037-2/013-815037-0 | ||
| 040 |
_aJO-AjNU _beng _erda _cJO-AjNU |
||
| 041 | _aeng | ||
| 050 | 1 | 4 | _aT57.B35 |
| 100 | 3 |
_acarson,john,Banks,jerry,nelson,barry,nicol,david, _eauthor _9829 |
|
| 245 | 0 | 0 | _aDiscrete Event system Simulation |
| 250 | _a5 ed | ||
| 264 | 3 | 1 | _aNew Jersy:pearson,1900 |
| 300 | _a640p | ||
| 336 |
_atext _btxt _2rdacontent |
||
| 337 |
_aunmediated _bn _2rdamedia |
||
| 338 |
_avolume _bnc _2rdacarrier |
||
| 650 | 4 |
_aDiscrete Event system Simulation _9830 |
|
| 999 |
_aE439 _c439 _d439 |
||